Sobre la génesis del derecho administrativo español en el siglo XIX (1812-1845) (Registro nro. 313366)

Detalles MARC
000 -ENCABEZADO
Número de control [NR] 00668 a2200157 4500
005 - FECHA Y HORA DE LA ÚLTIMA TRANSACCIÓN
control field 20190911105002.0
008 - DE LONGITUD FIJA DE DATOS DE ELEMENTOS - INFORMACIÓN GENERAL
Elementos de longitud fija [NR] 190613b1958 sp ||||| |||| 00| 0 spa d
040 ## - FUENTE DE CATALOGACION [NR]
Agencia de catalogación original [NR] CO-BoUCM
Idioma de catalogación [NR] spa
Quien Cataloga Oscar Ávila (modificó)
Quien Clasifica Oscar Ávila (modificó)
041 0# - CODIGO DE IDIOMA [R]
Código de idioma para texto/pista de sonido o título separado [R] Español
100 10 - ASIENTO PRINCIPAL--NOMBRE PERSONAL [NR]
Nombre personal [NR] Santamaría Pastor, Juan Alfonso
ID Autoridad 82058
245 10 - MENCION DE TITULO [NR]
Título [NR] Sobre la génesis del derecho administrativo español en el siglo XIX (1812-1845)
Mención de responsabilidad, etc. [NR] Juan Alfonso Santamaría Pastor
260 ## - PUBLICACION, DISTRIBUCION, ETC. (PIE DE IMPRENTA) [R]
Nombre del editor, distribuidor, etc. [R] Instituto García Oviedo Universidad de Sevilla
Fecha de publicación, distribución, etc. [R] 1958
Lugar de publicación, distribución, etc. [R] Sevilla
Fecha de fabricación [R] 1958
650 #7 - ASIENTO SECUNDARIO DE MATERIA - TERMINO TEMATICO [R]
Término temático o nombre geográfico como elemento de entrada [NR] Derecho administrativo
Subdivisión geográfica [R] España
9 (RLIN) 59076
942 ## - ELEMENTOS DE ENTRADA AGREGADOS (KOHA)
Tipo de ítem principal el descrito en 300a Libro
Sistema de clasificación DEWEY
Tema principal Derecho
Edición 1
Clasificación 342.46
Parte restante de la signatura top. S232s
Existencias
Total préstamos Signatura topográfica Código de barras Última vez visto Ejemplar Costo de reposición Price effective from Tipo de ítem Perdido Sistema de clasificación Dañado No prestable Tipo de ítem específico Suprimido Ubicación habitual Ubicación actual Localización Fecha de creación Proveedor Forma de adquisición Costo
  342.42 S232s 100161276 06/12/2024 Ej.1 0.00 13/06/2019 Libro   DEWEY     Libro   BodegaJK Claustro Préstamo 2 días después de solicitado 13/06/2019 12 Donación 0.00